Quiz sur la planète Vénus - Statistiques

Statistiques générales
  • Ce quiz a été pris 48 fois
    32 depuis la dernière actualisation
  • Le résultat moyen est 7 sur 12
Statistiques - réponses
Question Réponse % Correct
Surnom de Vénus Étoile du {berger}
100%
Nom grec de la déesse romaine Vénus Aphrodite
86%
Raison pour laquelle elle est aussi chaude Effet de {serre}
86%
Planète semblable à Vénus par sa taille et sa composition, mais pas par son paysage Terre
86%
Gaz constituant 96% de l'atmosphère de Vénus Dioxyde de carbone
79%
Le symbole de Vénus est aussi utilisé pour désigner... Le sexe féminin
55%
Formations géologiques omniprésentes sur Vénus Volcans
45%
Température moyenne de Vénus, à 10°C près 460°C
38%
Année à laquelle la sonde Mariner 2 a survolé Vénus pour devenir la première mission interplanétaire réussie 1962
31%
Raison pour laquelle Vénus tourne dans un autre sens que toutes les autres planètes du système solaire Impact de météorite
24%
Terme utilisé pour désigner le passage de Vénus directement entre la Terre et le Soleil {Transit} de Vénus
21%
Première sonde qui s'est posée sur la surface de Vénus, mais qui était hors d'état de marche au bout d'une heure à cause de la chaleur Venera 7
14%
Aucun quiz correspondant
Distribution des résultats
% des personnes avec chaque résultat
Percentile par nombre de réponses
Votre historique - résultats
Vous n’avez pas pris ce quiz depuis la dernière actualisation